Szczegóły MARC21

Strategiczne zarządzanie zasobami ludzkimi /

003 -Nazwa inst., której nr kontr. jest w polu 001 [,]
    • @
    • Nazwa instytucji, której n kontrolny jest w polu 001
    • NUKAT
005 -DATA I CZAS OSTATNIEJ MODYFIKACJI [,]
    • @
    • pole kontrolne
    • 20241231104910.0
020 -Międzynarod. znormalizowany nr książki - ISBN [ , ]
    • a
    • Numer ISBN
    • 9788375267181 Find
040 -Instytucja sporządzająca opis [ , ]
    • a
    • Instytucja, która sporządziła opis (NP)
    • WA 72/08AG
    • c
    • Instytucja, która sporządziła rekord (NP)
    • WA 72/08AG
    • d
    • Instytucja, która zmodyfikowała rekord (P)
    • WA 72/08AK
    • d
    • Instytucja, która zmodyfikowała rekord (P)
    • WA 72/08AG
    • d
    • Instytucja, która zmodyfikowała rekord (P)
    • KR 93/11SWB
    • d
    • Instytucja, która zmodyfikowała rekord (P)
    • Ł 30/MPos
041 -Język dokumentu [1, ]
    • a
    • Język tekstu (P)
    • polski
    • h
    • Język tekstu oryginalnego i/lub pośredniego (P)
    • eng
942 -Rodzaj dokumentu [ , ]
    • c
    • Rodzaj dokumentu
    • Książka
100 -Hasło główne - nazwa osobowa [1, ]
    • a
    • Nazwa osobowa (NP)
    • Armstrong, Michael
    • d
    • Daty biograficzne (NP)
    • (1928- ).
    • 9
    • KHW
    • 14036
240 -Tytuł ujednolicony [1,0]
    • a
    • Tytuł ujednolicony
    • Human resource management
    • l
    • Język tekstu
    • (pol.)
    • 9
    • KHW
    • 14037
245 -Strefa tytułu i oznaczenia odpowiedzialności [1,0]
    • a
    • Tytuł
    • Strategiczne zarządzanie zasobami ludzkimi / Find
    • c
    • Pozostałe elementy strefy tytułu i oznaczenia odpowiedzialności (NP)
    • Michael Armstrong ; [przeł. Władysław Bibrowski].
246 -Wariant tytułu [1, ]
    • i
    • Tekst wyświetlany na ekranie monitora (NP)
    • Tyt. wyd. 2 i 3:
    • a
    • Tytuł (NP)
    • Strategic human resource management
246 -Wariant tytułu [1,8]
    • a
    • Tytuł (NP)
    • Zarządzanie zasobami ludzkimi
260 -Strefa adresu wydawniczego [ , ]
    • a
    • Miejsce wydania (P)
    • Warszawa :
    • b
    • Nazwa wydawcy (P)
    • Oficyna a Wolters Kluwer business,
    • c
    • Data wydania (P)
    • 2010.
300 -Strefa opisu fizycznego [ , ]
    • a
    • Określenie formy książki i/lub objętość (NP)
    • 271 s. :
    • b
    • Oznaczenie ilustracji (NP)
    • il. ;
    • c
    • Format (NP)
    • 24 cm.
336 -Typ zawartości [ , ]
    • a
    • Termin opisujący typ zawartości
    • Tekst
    • b
    • Kod określający zawartość
    • txt
    • 2
    • Źródło (terminu i kodu)
    • rdacontent
337 -Typ mediów [ , ]
    • a
    • Tryb odtwarzania
    • Bez urządzenia pośredniczącego
    • b
    • Kod typu mediów
    • n
    • 2
    • Źródło (terminu i kodu)
    • rdamedia
338 -Typ/rodzaj nośnika [ , ]
    • a
    • Hasło opisujące typ nośnika
    • Wolumin
    • b
    • Kod typu nośnika
    • nc
    • 2
    • Źródło (terminu i kodu)
    • rdacarrier
490 -Strefa serii i książki wielotomowej - forma nie do wyszukiwania [1, ]
    • a
    • Tytuł (P)
    • HR Find
830 -Hasło dodatkowe serii i opisu książki wielotomowej - tytuł ujednolicony/tytuł [ ,0]
    • a
    • Tytuł ujednolicony/tytuł (NP)
    • Zarządzanie Zasobami Ludzkimi (HR)
    • 9
    • KHW
    • 969
504 -Uwaga dot. bibliogr. załącznikowej [ , ]
    • a
    • Uwaga dot. bibliografii załącznikowej
    • Bibliogr. s. 253-265. Indeks.
080 -Uniwersalna Klasyfikacja Dziesiętna [ , ]
    • 2
    • Identyfikator wydania tablic
    • UDC-P058
    • 9
    • UKD
    • 2229
    • a
    • Symbol klasyfikacji
    • 005.95/.96
    • b
    • Dopowiedzenie
    • Zarządzanie. Zarządzanie personelem. Zarządzanie zasobami ludzkimi. Mentoring.
080 -Uniwersalna Klasyfikacja Dziesiętna [ , ]
    • 2
    • Identyfikator wydania tablic
    • UDC-P058
    • 9
    • UKD
    • 2166
    • a
    • Symbol klasyfikacji
    • 005.2
    • b
    • Dopowiedzenie
    • Zarządzanie. Strategie, cele, metody, funkcje.
650 -Hasło przedmiotowe [ ,7]
    • a
    • Hasło przedmiotowe
    • Personel
    • x
    • Określnik rzeczowy
    • kierowanie.
    • 2
    • Źródło terminu
    • kaba
    • 9
    • KHW
    • 123506
980 -Symbol UKD [ , ]
    • a
    • UKD
    • 005.95/.96:005.2
700 -Hasło dodatkowe - nazwa osobowa [1, ]
    • a
    • Nazwa osobowa (NP)
    • Bibrowski, Władysław. Find
    • e
    • Określenie rodzaju współpracy
    • Tł.
    • 9
    • KHW
    • 704803
710 -Hasło dodatkowe - nazwa ciała zbiorowego [2, ]
    • a
    • Nazwa ciała zbiorowego lub nazwa geograficzna jako pierwszy element (NP)
    • Wolters Kluwer Polska.
    • 4
    • Kod relacji
    • pbl
    • 9
    • KHW
    • 52677
920 -ISBN [ , ]
    • a
    • ISBN
    • 978-83-7526-718-1 Find
Data inwentaryzacji Lokalizacja Status udost. Numer inwentarzowy Sygnatura
2010-09-20BE-2E.72740 
2010-10-08BE-2S.93783 
2010-10-08BE-2S.93784 
2011-03-25BE-2S.93928 
2011-03-25BE-2S.93929 
2016-02-12BE-3GW.5553005
2016-02-12BE-3GW.5554005
2016-02-12GW-3GW.5552005
2010-05-26T-2T.10906T.10906
2010-11-03T-2TM.7421 
2012-03-21T-3TM.8281 
2012-03-21T-3TM.8286